Review of preventive & social medicine (including biostatistics)
Thoroughly revised and updated edition including latest exam pattern questions and image based questions
Saved in:
| Main Author: | |
|---|---|
| Format: | Book |
| Language: | English |
| Published: |
New Delhi, India
Jaypee Brothers Medical Publishers (P) Ltd
2015
|
| Subjects: | |
| Tags: |
Add Tag
No Tags, Be the first to tag this record!
|
| Call Number : | med WA 108 .J35 2015 |
MARC
| LEADER | 00000nam a2200000 c 4500 | ||
|---|---|---|---|
| 001 | 105766 | ||
| 003 | MY-KLNDU | ||
| 005 | 20241220042724.0 | ||
| 008 | 221104 20152015ii af | 000 0 eng d | ||
| 020 | |a 9789351527305 | ||
| 039 | 9 | |a 202211041149 |b VLOAD |c 201701091208 |d shahrim |c 201611141641 |d faezah |c 201611021202 |d faezah |y 201512111150 |z syarifuddin | |
| 040 | |a UPNM |b eng |c UPNM |e rda | ||
| 060 | |a WA 108 | ||
| 090 | |a med WA 108 |b .J35 2015 | ||
| 100 | 1 | |a Jain, Vivek |e author | |
| 245 | 1 | 0 | |a Review of preventive & social medicine (including biostatistics) |c Vivek Jain |
| 246 | 3 | |a Review of preventive and social medicine (including biostatistics) | |
| 246 | 3 | |a Preventive and social medicine | |
| 264 | 1 | |a New Delhi, India |b Jaypee Brothers Medical Publishers (P) Ltd |c 2015 | |
| 264 | 4 | |c © 2015 | |
| 300 | |a viii, 936 pages, 6 pages of plates |b illustrations |c 28 cm + |e 1 computer laser optical disk (4 3/4 in.) | ||
| 336 | |a text |2 rdacontent | ||
| 337 | |a unmediated |2 rdamedia | ||
| 338 | |a volume |2 rdacarrier | ||
| 500 | |a This book accompanied by 1 CD ROM bearing the same call number and available at circulation counter | ||
| 520 | |a Thoroughly revised and updated edition including latest exam pattern questions and image based questions | ||
| 592 | |a 0009101/15 |b 10/8/2016 |c RM 171.85 |h Areesh | ||
| 650 | 0 | |a Medicine, Preventive | |
| 650 | 0 | |a Social medicine | |
| 650 | 1 | 2 | |a Preventive Medicine |
| 999 | |a vtls000056240 |c 105766 |d 105766 | ||


